Návrh a virtuálne sprevádzkovanie automatizovaného pracoviska s robotickým ramenom
Guardado en:
| Autor principal: | |
|---|---|
| Otros Autores: | |
| Formato: | Manuscrito Libro |
| Lenguaje: | eslovaco |
| Publicado: |
2016
|
| Materias: | |
| Acceso en línea: | http://is.stuba.sk/zp/portal_zp.pl?podrobnosti=120424 |
| Etiquetas: |
Sin Etiquetas, Sea el primero en etiquetar este registro!
|
MARC
| LEADER | 00000ntm a22000003a 4500 | ||
|---|---|---|---|
| 001 | stuzp59038 | ||
| 003 | SK-STU | ||
| 005 | 20160719155739.1 | ||
| 007 | ta | ||
| 008 | 150427s2015----xo-----f-mn---000-0-slo-d | ||
| 040 | |a STU |b slo | ||
| 041 | 0 | |a slo | |
| 100 | 1 | |a Kríž, Miroslav |u 020020 |k Z4 |4 aut |U SjF Strojnícka fakulta |T SjF Ústav automatizácie, merania a aplikovanej informatiky |X 54972 |U J0020 |Y 802 |7 A000054972 | |
| 242 | 0 | 1 | |a Concept and virtual commissioning of automated workplace with robotic arm |y eng |
| 245 | 1 | 0 | |a Návrh a virtuálne sprevádzkovanie automatizovaného pracoviska s robotickým ramenom |
| 260 | |c 2016 | ||
| 650 | 4 | |a Koncepcia pracoviska |2 slo | |
| 650 | 4 | |a CAD model |2 slo | |
| 650 | 4 | |a automatizačný systém Simatic |2 slo | |
| 650 | 4 | |a prepojenie riadenia a CAD modelu |2 slo | |
| 650 | 4 | |a Robotstudio |2 slo | |
| 650 | 4 | |a OPC |2 slo | |
| 650 | 4 | |a Workplace conception |2 eng | |
| 650 | 4 | |a CAD model |2 eng | |
| 650 | 4 | |a automation system Simatic |2 eng | |
| 650 | 4 | |a connection of control and CAD model |2 eng | |
| 650 | 4 | |a Robotstudio |2 eng | |
| 650 | 4 | |a OPC |2 eng | |
| 700 | 1 | |a Juhás, Martin |u 020020 |k Z1 |4 ths |U SjF Strojnícka fakulta |T SjF Ústav automatizácie, merania a aplikovanej informatiky |X 2316 |U J0020 |Y 802 |7 A000002316 | |
| 856 | 4 | |u http://is.stuba.sk/zp/portal_zp.pl?podrobnosti=120424 | |
| 996 | |b 284j044010 |c J* 2300/DP |l JJSK |s A |a 24 |w stuzp59038_0001 | ||
| SQL | |a stuzp59038 |b DDP |c SLO |d Návrh a virtuálne sprevádzkovanie automatizovaného pracoviska s robotickým ramenom |e 54972 |f Kríž, Miroslav |g 020020 |h 2316 |i Juhás, Martin |j 20160616 |k 51 |l 02 |m http://is.stuba.sk/zp/portal_zp.pl?podrobnosti=120424 |n I-AISP |o 5.2.14. automatizácia | ||